000 00301nam a22001337a 4500
008 180919b xxu||||| |||| 00| 0 eng d
020 _a0875813453
041 _aeng
080 _a159.9
100 _a49
101 _aPSI
245 _aFive Therapists and One Client
_cCorsini, R.J
942 _2udc
_cBK
999 _c48063
_d48063